LAS RELIGIONES EN EL MUNDO MEDITERRANEO Y EN EL ORIENTE PROXIMO. I (Registro nro. 43618)
[ vista simple ]
| 000 -LEADER | |
|---|---|
| fixed length control field | 00841nam a2200193 a 4500 |
| 001 - CONTROL NUMBER | |
| control field | 43618 |
| 005 - DATE AND TIME OF LATEST TRANSACTION | |
| control field | 20180714022211.0 |
| 008 - FIXED-LENGTH DATA ELEMENTS--GENERAL INFORMATION | |
| fixed length control field | 140415s1979 mx 000 0 spa d |
| 020 ## - INTERNATIONAL STANDARD BOOK NUMBER | |
| International Standard Book Number | 9682304814 |
| 041 ## - LANGUAGE CODE | |
| Language code of text/sound track or separate title | spa |
| 082 ## - DEWEY DECIMAL CLASSIFICATION NUMBER | |
| Classification number | 200.9 |
| Item number | HIS |
| 245 04 - TITLE STATEMENT | |
| Title | LAS RELIGIONES EN EL MUNDO MEDITERRANEO Y EN EL ORIENTE PROXIMO. I |
| 250 ## - EDITION STATEMENT | |
| Edition statement | 2a ed. |
| 260 ## - PUBLICATION, DISTRIBUTION, ETC. | |
| Place of publication, distribution, etc. | MEXICO : |
| Name of publisher, distributor, etc. | SIGLO XXI EDITORES, |
| Date of publication, distribution, etc. | 1979 |
| 300 ## - PHYSICAL DESCRIPTION | |
| Extent | 503 |
| Dimensions | x 10.5 x 18 |
| 490 ## - SERIES STATEMENT | |
| Series statement | HISTORIA DE LAS RELIGIONES |
| 520 ## - SUMMARY, ETC. | |
| Summary, etc. | EXAMINA UNA A UNA TODAS LAS RELIGIONES PASADAS Y PRESENTES EN SU PLENA COMPLEJIDAD Y SINGULARIDAD. LA CONCIENCIA PERMANETE DE ESA PRECARIDAD DE SU AUTONOMIA NO ES EL MENOR DE LOS MERITOS DE LA HISTORIA DE LAS RELIGIONES QUE HOY PRESENTA EL SIGLO XXI. |
| 650 14 - SUBJECT ADDED ENTRY--TOPICAL TERM | |
| Topical term or geographic name entry element | RELIGION |
| General subdivision | HISTORIA |
| -- | EGIPTO HISTORIA RELIGION |
| -- | ISLAMISMO HISTORIA RELIGION |
| Withdrawn status | Lost status | Source of classification or shelving scheme | Damaged status | Not for loan | Collection code | Home library | Current library | Shelving location | Date acquired | Source of acquisition | Inventory number | Total Checkouts | Full call number | Barcode | Date last seen | Date last checked out | Price effective from | Koha item type |
|---|---|---|---|---|---|---|---|---|---|---|---|---|---|---|---|---|---|---|
| Dewey Decimal Classification | General | Biblioteca Karol Wojtyla | Biblioteca Karol Wojtyla | Sala general | 03/12/2013 | Compra | 151000000000000000057183 | 200.9 HIS 1979 | 65617 | 05/01/2026 | 17/05/2018 | 30/06/2016 | Libro |